000 00435nam a2200181Ia 4500
001 2009
005 20260306143810.0
008 260306t2012||||xx |||||||||||||| ||spa||
041 _aESP
082 _a610.28
_bE57
100 _aEnderle, John D.
_eAUT
245 0 _aIntroduction to biomedical engineering
260 _c2012
300 _axv, 1253 páginas :
_c24 cm.
650 _aGEN
654 _aCPS
942 _cLIB
_dJUS
_fJUS
_2ddc
_n
999 _c2009
_d2009